| 000 | 00573nam a2200193Ia 4500 | ||
|---|---|---|---|
| 003 | GCL | ||
| 008 | 140319s9999 xx 000 0 ara d | ||
| 040 |
_aGCL / _cGCL |
||
| 082 | 0 | 4 |
_a810.972 _bش ع |
| 100 | 1 | _aشوقى ضيف | |
| 245 | 1 | 0 |
_aعصرالدول والامارات: الشام / _cشوقى ضيف |
| 250 | _aالثانية | ||
| 260 |
_aالقاهرة : _bدار المعارف ، _c0 |
||
| 300 |
_a353 ص ؛ _c24 سم |
||
| 490 | _a | ||
| 650 | 0 | 4 | _aالادب العربى |
| 650 | 0 | 4 | _aالادب العربى - تاريخ ونقد |
| 942 |
_2ddc _cBK |
||
| 999 |
_c30516 _d30516 |
||